00341pab a2200133 454500008004000000100002200040245004800062260000900110300001300119362001700132650001700149650002100166773002000187180718b2006 xxu||||| |||| 00| 0 eng d aThakur, Rameshwar aLet us make India a big knowledge reservoir c2006 ap.10-11. a27 Nov-3 Dec aUniversities aHigher education aUniversity News